00356nam a2200133Ia 4500008004100000024001500041082001800056100001700074245002900091260002600120600002100146650003800167999001700205260210s9999 xx 000 0 und d a11B-015-BS a005.12072 HAM aHamdan Habib 0aOnline Pharmacy Services aKarachi:bUITU,c2011 aComputer Science aBachelor of Computer Science (BS) c32379d32379